Carregant...
Comprehensive supramolecular chemistry
| Autor principal: | |
|---|---|
| Format: | Printed Book |
| Publicat: |
Oxford, Pergamon
1996
|
| Col·lecció: | 1
|
| Matèries: |
| LEADER | 005260000a22001570004500 | ||
|---|---|---|---|
| 082 | |a 547.7 N6.1 | ||
| 100 | |a Atwood, Jerry L; Ed, et al | ||
| 245 | |a Comprehensive supramolecular chemistry | ||
| 260 | |a Oxford, Pergamon | ||
| 260 | |c 1996 | ||
| 490 | |a 1 |c Molecular recognition receptors for Cationic guests | ||
| 650 | |a Macromolecules | ||
| 650 | |a Molecular biology | ||
| 942 | |c BK | ||
| 999 | |c 2911 |d 2911 | ||
| 952 | |0 0 |1 0 |4 0 |6 547_700000000000000_N6_1 |7 0 |8 REF |9 2703 |a MGUL |b MGUL |d 2013-07-16 |l 0 |o 547.7 N6.1 |p 26272 |r 2013-07-16 |w 2013-07-16 |y REF | ||